000 00777nam a2200205 a 4500
001 000021190
005 20200930011246.0
008 100901s1975 cu a r 000 0 spa d
040 _aDO-SdBNP
_bspa
_cBNPHU
082 _aM863.44
_bR311t
245 0 0 _aRecopilación de textos sobre la novela de la revolucin Mexicana /
_ccompilación y prólogo de Rogelio Rodríguez Coronel.
260 _aLa Habana :
_bCentro de Investigaciones Literarias,
_c1975.
300 _a431, [6] p. :
_bil. ;
_c23 cm.
490 1 _aValoración múltiple "Casa de las Américas"
650 4 _aNovela mexicana
_93959
650 4 _aLiteratura mexicana
_91922
700 1 _aRodríguez Coronel, Rogelio,
_epról.
_944297
830 0 _aValoración múltiple "Casa de las Américas"
_944298
049 _aBNGR
999 _c20691
_d20691